000 01385cab a2200337 4500
001 WB3110-51
008 090401t1995 xxu||||| |||| 00| 0 eng d
035 _a(Sirsi) u22827
041 _aeng
245 _aNegligent valuations
260 _c1995
350 _a0
490 _aEstates Gazette Case Summaries
_v(1995) EGCS 31 (1) (4/3/95)
520 _a"Banque Bruxelles Lambert SA v Eagle Star Insurance Co Ltd and others and related appeals" CA 20 February 1995. Five appeals claiming negligence against valuers and one against a solicitor were heard together, the complaint in each being that the valuers had negligently over-valued land and thus the lenders would not have entered into the transactions. The question was the amount of damages payable if negligence were established. Four appeals allowed, two dismissed.
650 _aBANQUE BRUXELLES LAMBERT SA V EAGLE STAR INSURANCE
650 _aBNP
650 _aEDWARD ERDMAN GROUP
650 _aFALLING MARKET
650 _aGOADSBY & HARDING
650 _aJOHN D WOOD COMMERCIAL
650 _aKEY SURVEYORS NATIONWIDE
650 _aMORTGAGE EXPRESS
650 _aNEGLIGENCE
650 _aNYKREDIT MORTGAGE BANK
650 _aPRUDENTIAL PROPERTY SERVICES
650 _aUNITED BANK OF KUWAIT
650 _aVALUERS
690 _aRATING AND VALUATION-CASE LAW
942 _n0
948 _c04/03/1997
999 _c15306
_d15306